| 000 | 01420cam a22003131 4500 | ||
|---|---|---|---|
| 001 | 22899 | ||
| 003 | BD-RjUL | ||
| 005 | 20211209000852.0 | ||
| 008 | 140309r19611923enk 000 0 eng d | ||
| 035 | _a(BD-RjUL) 22964 | ||
| 040 |
_aDLC _cDLC _dDLC _dBD-RjUL _beng |
||
| 041 | _aeng | ||
| 082 | 0 | 4 |
_bMAN V-2 1961 _a829.8 |
| 100 | 1 |
_aMandeville, John, _970615 |
|
| 245 | 1 | 0 |
_aMandeville's travels : _btr. from the French of Jean d'Outremeuse / _cEd. from Ms. Cotton Titus c. XVI, in the British museum. By P. Hamelius ... _nVoll II : _pIntroduction and Notes |
| 260 |
_aLondon : _bPub. for the Early English text society, by K. Paul, Trench, Trübner & co., ltd. [etc.] _c1923 [Reprinted 1961] |
||
| 300 |
_avi,152p.; _c23. |
||
| 490 | 0 | _aEarly English text society. Original series, no. 153-154. 1919-1923 (for 1916)) | |
| 500 | _aThe editor regards Jean d'Outremeuse as in all probability the real author or compiler, and the Travels as an anti-papal pamphlet in disguise. cf. Introd., p. 8 and 15. | ||
| 504 | _aIncludes Index | ||
| 505 | 0 | _av. 1. Text -- v. 2. Introduction and notes. | |
| 650 | 0 |
_aVoyages and travels _vEarly works to 1800. _961214 |
|
| 700 | 1 |
_aHamelius, Paul, _eed. _970616 |
|
| 700 | 0 |
_aJean d'Outremeuse, _d1338-1400, _etr. _970617 |
|
| 710 | 2 |
_aBritish museum. Mss. (Cottonian Titus c. XVI) _970618 |
|
| 942 |
_2ddc _cBK |
||
| 999 |
_c22899 _d22899 |
||